000 00296nam a2200121Ia 4500
008 190216s9999||||xx |||||||||||||| ||und||
100 _aDamodharan K
245 0 _aKeralacharithram
260 _bKerala Basha Inst
_c1975
300 _a320p
650 _aKerala History-Kerala History
942 _cBK
999 _c37501
_d37501